Entrepreneurship (Record no. 33884)

MARC details
000 -LEADER
fixed length control field 00474nam a22001817a 4500
005 - DATE AND TIME OF LATEST TRANSACTION
control field 20231012203056.0
008 - FIXED-LENGTH DATA ELEMENTS--GENERAL INFORMATION
fixed length control field 231012b |||||||| |||| 00| 0 eng d
020 ## - INTERNATIONAL STANDARD BOOK NUMBER
ISBN 9781292095370
082 ## - DEWEY DECIMAL CLASSIFICATION NUMBER
Classification number 658.11
Item number BAR-E
100 ## - MAIN ENTRY--AUTHOR
Author Name Barringer,Burce R.
245 ## - TITLE STATEMENT
Title Entrepreneurship
Remainder of title Successfully Launching new Ventures
250 ## - EDITION STATEMENT
Edition statement 5th.ed.
260 ## - PUBLICATION, DISTRIBUTION, ETC.
Place of Publication USA
Name of publisher, distributor, etc. Pearson
Date of publication, distribution, etc. 2016
300 ## - PHYSICAL DESCRIPTION
Pages 590
500 ## - GENERAL NOTE
General note Include Index
650 ## - SUBJECT ADDED ENTRY--TOPICAL TERM
Subject / Department Management
700 ## - ADDED ENTRY--PERSONAL NAME
Personal name Burce R.Barringer
952 ## - LOCATION AND ITEM INFORMATION (KOHA)
-- 0
-- 0
Holdings
Lost status Damaged status Collection code Permanent Location Current Location Shelving Location Date acquired Full Call Number Accession No./Barcode Date last seen
    Management Superior Information Resource Center (SIRC) Superior University- Main Campus Superior Information Resource Center (SIRC) Superior University- Main Campus Management 10/12/2023 658.11 BAR-E 2016 20696 10/12/2023

Powered by Koha